Central Library OPAC University of Rajshahi

World communism: key documentary material / (Record no. 8175)

MARC details
000 -LEADER
fixed length control field 00711cam a22002531 4500
001 - CONTROL NUMBER
control field 8175
003 - CONTROL NUMBER IDENTIFIER
rucl marc code BD-RjUL
005 - DATE AND TIME OF LATEST TRANSACTION
control field 20211208234534.0
008 - FIXED-LENGTH DATA ELEMENTS--GENERAL INFORMATION
fixed length control field 180114s1962 nju 000 0 eng
035 ## - SYSTEM CONTROL NUMBER
System control number (BD-RjUL)8220
System control number (OCoLC)1440542
040 ## - CATALOGING SOURCE
Original cataloging agency DLC
Transcribing agency FJ
Modifying agency OCoLC
-- Uk
-- DLC
-- BD-RjUL
Language of cataloging eng
041 ## - LANGUAGE CODE
Language code of text/sound track or separate title eng
082 00 - DEWEY DECIMAL CLASSIFICATION NUMBER
Classification number 335.43
Edition number 18
Author mark and year HOW 1962
100 1# - MAIN ENTRY--PERSONAL NAME
Personal name Hook, Sidney,
Dates associated with a name 1902-1989,
9 (RLIN) 3762
245 10 - TITLE STATEMENT
Title World communism: key documentary material /
Statement of responsibility, etc. Sidney Hook.
260 ## - PUBLICATION, DISTRIBUTION, ETC. (IMPRINT)
Place of publication, distribution, etc. Princeton, N.J. :
Name of publisher, distributor, etc. Van Nostrand,
Date of publication, distribution, etc. c1962.
300 ## - PHYSICAL DESCRIPTION
Pagination 256 p. ;
Size 19 cm.
490 0# - SERIES STATEMENT
Series statement An Anvil original
650 #0 - SUBJECT ADDED ENTRY--TOPICAL TERM
Topical term or geographic name as entry element Communism
General subdivision History.
9 (RLIN) 25461
942 ## - ADDED ENTRY ELEMENTS (KOHA)
Source of classification or shelving scheme Dewey Decimal Classification
Koha item type Books
Holdings
Lost status Source of classification or shelving scheme Damaged status Not for loan Permanent Location Current Location Shelving location Date acquired Source of acquisition Cost, normal purchase price Total Checkouts Full call number Date last seen Copy number Koha item type
  Dewey Decimal Classification   Not For Loan Central Library, University of Rajshahi Central Library, University of Rajshahi   06/11/1991 Canada govt. 0.00   335.43 HOW 1962 18/01/2014 C-1 Books